00420 a2200145 4500003000500000005001700005040000900022082001400031100001800045245004800063260005200111300002700163505006900190650001500259Nust20221220115551.0 cNust a320.1,MOO aMoodie, A. E. aGeography behind politics / cMoodie, A. E. aLondon,bHutchinson University Libraryc [1961] a178 p. illus.b 19 cm. aThe Scope of Political Geography (Page-7) List of Maps (Page-76) a politics.